[Event "PRO League Atlantic 2017"]
[Site "masterchessopen.com chess.com INT"]
[Date "2017.02.01"]
[Round "4"]
[White "Balleisen,Aaron S"]
[Black "Hambleton,A"]
[Result "0-1"]
[WhiteElo "2127"]
[BlackElo "2441"]

1. c4 e5 2. g3 Nf6 3. Bg2 c6 4. d4 Bb4+ 5. Bd2 Bxd2+ 6. Qxd2 d6 7. Nc3 O-O 8.
e3 Re8 9. Nge2 Nbd7 10. O-O e4 11. Rfc1 h5 12. h4 Nf8 13. b4 Ng6 14. a4 Bf5
15. a5 Ng4 16. c5 dxc5 17. bxc5 Nxh4 18. gxh4 Qxh4 19. Ng3 Qh2+ 20. Kf1 Be6
21. Ngxe4 Bc4+ 22. Ne2 Ba6 23. f3 Rxe4 24. fxe4 Qg3 25. Kg1 Qf2+ 26. Kh1 Nxe3
27. Bf1 Re8 28. Qe1 Qf3+ 29. Kg1 Rxe4 30. Ng3 Rg4 31. Ra2 Rxg3+ {#R} 0-1

[Event "PRO League Pacific 2017"]
[Site "masterchessopen.com chess.com INT"]
[Date "2017.02.01"]
[Round "4"]
[White "He,Daniel Ming"]
[Black "Friedel,J"]
[Result "0-1"]
[WhiteElo "2178"]
[BlackElo "2524"]

1. c4 e5 2. g3 Nc6 3. Nc3 Bc5 4. Bg2 d6 5. Nf3 Nf6 6. O-O O-O 7. d3 a6 8. a3
h6 9. b4 Ba7 10. Bb2 Bf5 11. e3 Qd7 12. Rc1 Bh3 13. Nd5 Ne8 14. d4 Bxg2 15.
Kxg2 e4 16. Nd2 f5 17. f3 exf3+ 18. Nxf3 Ne7 19. Nf4 Nf6 20. Qd3 g5 21. Ne2
Rae8 22. d5 c6 23. Nfd4 cxd5 24. Nxf5 Nxf5 25. Qxf5 Qxf5 26. Rxf5 Ng4 27.
Rxf8+ Rxf8 28. Kh3 Nf2+ 29. Kg2 Nd3 30. Rc2 Ne1+ 31. Kh3 Nxc2 {#R} 0-1

[Event "PRO League Pacific 2017"]
[Site "masterchessopen.com chess.com INT"]
[Date "2017.02.01"]
[Round "4"]
[White "Haessler,C"]
[Black "Zherebukh,Y"]
[Result "0-1"]
[WhiteElo "2139"]
[BlackElo "2617"]

1. c4 Nf6 2. g3 c6 3. Bg2 e5 4. d4 e4 5. Bg5 d5 6. cxd5 cxd5 7. Nc3 Bb4 8. e3
Bxc3+ 9. bxc3 O-O 10. Ne2 Bg4 11. h3 Bxe2 12. Qxe2 Nbd7 13. c4 dxc4 14. O-O
Qc7 15. Rac1 b5 16. g4 Rfe8 17. f3 Rac8 18. Bf4 Qb6 19. g5 exf3 20. Qxf3 Ne4
21. Qg4 Qe6 22. Qh4 c3 23. Rc2 b4 24. Rd1 Nd2 25. Rdxd2 cxd2 26. Rxd2 a5 27.
e4 a4 28. e5 Qf5 29. Bg3 Nf8 30. Be4 Rc1+ 31. Kh2 Qf1 32. Bf2 Rd1 33. Qf4 Rxd2
34. Qxd2 b3 35. axb3 axb3 36. d5 Rxe5 37. Bg2 Re2 {#R} 0-1

[Event "Gibraltar Masters 2017"]
[Site "masterchessopen.com Caleta ENG"]
[Date "2017.01.30"]
[Round "7.80"]
[White "Bopp,T"]
[Black "Welling,G"]
[Result "1-0"]
[WhiteElo "2157"]
[BlackElo "2314"]

1. Nf3 g6 2. c4 d6 3. g3 Bg7 4. Bg2 e5 5. Nc3 f5 6. d3 Nf6 7. O-O O-O 8. Rb1
Nc6 9. Nd2 g5 10. b4 Ne7 11. a4 a6 12. a5 Qe8 13. b5 axb5 14. Nxb5 Qd8 15. Nb3
f4 16. d4 Ng4 17. dxe5 Nxe5 18. Bb2 Rb8 19. c5 d5 20. N3d4 Nc4 21. Bc3 c6 22.
Na7 Bd7 23. Qa4 Nf5 24. Qd1 Qe7 25. Nxf5 Bxf5 26. Bxg7 Bxb1 27. Bxf8 Rxf8 28.
Bxd5+ cxd5 29. Qxd5+ Qf7 30. Qxf7+ Rxf7 31. Rxb1 Re7 32. c6 bxc6 33. Nxc6 Rxe2
34. a6 {#r} 1-0

[Event "Gibraltar Masters 2017"]
[Site "masterchessopen.com Caleta ENG"]
[Date "2017.01.31"]
[Round "8.40"]
[White "Lagno,Kateryna"]
[Black "Herman,Ma"]
[Result "1-0"]
[WhiteElo "2530"]
[BlackElo "2383"]

1. c4 e5 2. Nc3 Bb4 3. Qb3 Nc6 4. Nf3 d6 5. Nd5 Bc5 6. d3 h6 7. e3 Nge7 8. Be2
O-O 9. O-O Nf5 10. Qc3 a5 11. Rd1 Re8 12. Bf1 Ba7 13. b3 Be6 14. a3 Nfe7 15.
Nxe7+ Qxe7 16. Bb2 Bg4 17. Be2 f5 18. h3 Bh5 19. Re1 Bg6 20. b4 Rf8 21. b5 Nd8
22. c5 Nf7 23. b6 Bb8 24. cxd6 cxd6 25. d4 Qd8 26. dxe5 dxe5 27. Bc4 Re8 28.
Rad1 Qxb6 29. Rd7 Qf6 30. Rxb7 Kh7 31. Rd7 Ng5 32. Nxg5+ Qxg5 33. a4 Bh5 34.
Kh1 Ra7 35. Rxa7 Bxa7 36. Qxa5 Bb8 37. Be2 Bxe2 38. Rxe2 f4 39. Qd5 Qg6 40.
exf4 exf4 41. Rxe8 Qxe8 42. Qd3+ Kh8 43. Bc3 Bc7 44. a5 Qc6 45. Qd4 Qg6 46. a6
Qb1+ 47. Kh2 f3+ 48. g3 {#r} 1-0

[Event "TCh-CAT Gp2 2017"]
[Site "masterchessopen.com Barcelona ESP"]
[Date "2017.01.28"]
[Round "2.8"]
[White "Ayas Fernandez,A"]
[Black "Carol Querol,S"]
[Result "1-0"]
[WhiteElo "2273"]
[BlackElo "2131"]

1. c4 e5 2. Nc3 f5 3. g3 Nf6 4. Bg2 d6 5. d4 Nc6 6. Nf3 Be7 7. d5 Nb8 8. O-O
O-O 9. a3 a5 10. Rb1 Na6 11. b4 axb4 12. axb4 Bd7 13. Ng5 Rb8 14. Ba3 h6 15.
Nf3 Ne4 16. Nxe4 fxe4 17. Nd2 e3 18. fxe3 Bg5 19. Qb3 Bf5 20. Be4 g6 21. b5
Nc5 22. Bxc5 dxc5 23. Qd3 Qd7 24. Nf3 Bxe4 25. Qxe4 Qf5 26. Nxg5 Qxg5 27. Kg2
Rxf1 28. Rxf1 Kg7 29. h4 Qh5 30. g4 Qxh4 31. Qxe5+ Kg8 32. Qe6+ Kh8 33. Rf7
Qg5 34. Qd7 {#r} 1-0

[Event "22nd HIT Open 2017"]
[Site "masterchessopen.com Nova Gorica SLO"]
[Date "2017.01.30"]
[Round "6.6"]
[White "Plaskan,J"]
[Black "Banusz,T"]
[Result "0-1"]
[WhiteElo "2260"]
[BlackElo "2620"]

1. c4 Nf6 2. Nc3 e5 3. e3 Bb4 4. Nge2 O-O 5. a3 Be7 6. Ng3 d5 7. cxd5 Nxd5 8.
Qc2 Be6 9. Nxd5 Bxd5 10. Bd3 g6 11. O-O Nd7 12. Ne4 f5 13. Nc3 Bf7 14. Be2 a5
15. d4 exd4 16. exd4 Nb6 17. Bh6 Re8 18. Rad1 c6 19. Rd3 Nd5 20. Rg3 Bd6 21.
Bg5 Qc7 22. Nxd5 Bxd5 23. Rh3 Qf7 24. Bd3 Bf8 25. Qd2 Bg7 26. Qf4 Be4 27. Qh4
h5 28. Qf4 Bxd4 29. b3 Bxd3 30. Rxd3 c5 31. b4 b6 32. h4 Re4 33. Qd2 axb4 34.
axb4 Ra2 35. Qc1 Ree2 36. Be3 Bxe3 37. Rxe3 c4 38. b5 Rac2 39. Rxe2 Rxe2 40.
Rd1 Kh7 41. Qc3 Qc7 42. Qd4 c3 43. Qd7+ Qxd7 44. Rxd7+ Kg8 45. Rc7 c2 46. Kh2
f4 47. f3 Kf8 {#R} 0-1

[Event "22nd HIT Open 2017"]
[Site "masterchessopen.com Nova Gorica SLO"]
[Date "2017.01.30"]
[Round "6.21"]
[White "Laco,G"]
[Black "Berke,A"]
[Result "0-1"]
[WhiteElo "2002"]
[BlackElo "2195"]

1. c4 e5 2. Nc3 Nf6 3. g3 c6 4. d4 exd4 5. Qxd4 d5 6. Bg5 Be7 7. cxd5 cxd5 8.
e3 Nc6 9. Qa4 O-O 10. O-O-O Be6 11. Bg2 Rc8 12. Bxf6 Bxf6 13. Nge2 a6 14. Bxd5
b5 15. Qe4 Bxd5 16. Nxd5 Re8 17. Qg2 Nd4+ 18. Nec3 Ne2+ 19. Kb1 Bxc3 20. Nxc3
Nxc3+ 21. bxc3 Qf6 22. Rd4 Rxc3 23. Rhd1 Rec8 24. Qd5 h6 25. Rf4 Qe7 26. Qd2
a5 27. Rd4 Kh7 28. e4 b4 29. Qb2 Qb7 30. f4 b3 31. Ka1 Qb5 32. Rd5 Qb6 33. e5
Qe3 34. R5d2 a4 35. Qb1+ Rc2 36. Rd3 b2+ 37. Qxb2 Rc1+ 38. Qxc1 Rxc1+ 39. Kb2
a3+ 40. Rxa3 Qxa3+ {#R} 0-1

[Event "Portugal Open 2017"]
[Site "masterchessopen.com Lisbon POR"]
[Date "2017.02.04"]
[Round "2.1"]
[White "Kovalenko,I"]
[Black "Gomez Dieguez,D"]
[Result "1-0"]
[WhiteElo "2684"]
[BlackElo "2219"]

1. c4 e5 2. Nc3 Nc6 3. g3 d6 4. Bg2 Be6 5. d3 Qd7 6. Rb1 Nge7 7. b4 d5 8. b5
Nd8 9. Qb3 dxc4 10. dxc4 Nf5 11. Nf3 Nd4 12. Nxd4 exd4 13. Nd5 c6 14. Nf4 Bf5
15. Rb2 Bd6 16. O-O O-O 17. Rd1 Be5 18. Nd3 Bf6 19. Bd2 Bxd3 20. exd3 c5 21.
Re1 Ne6 22. Bc1 Rae8 23. Rbe2 Ng5 24. Qd1 Rxe2 25. Qxe2 Ne6 26. Qf3 b6 27. Qf5
Qc8 28. h4 Re8 29. Be4 Nf8 30. Qf3 Ng6 31. Kg2 Ne5 32. Qe2 g6 33. h5 Kg7 34.
Rh1 Ng4 35. Qf3 Re5 36. h6+ Kg8 37. a4 Bh8 38. Bf4 Re8 39. a5 Ne5 40. Qe2 Qg4
41. Qxg4 Nxg4 42. axb6 axb6 43. Bc7 Re6 44. Bd5 Re2 45. Kf3 Nxf2 46. Kxe2 {#r}
1-0

[Event "Turkish Cup 2017"]
[Site "masterchessopen.com Antalya TUR"]
[Date "2017.01.31"]
[Round "5.2"]
[White "Sanal,V"]
[Black "Ozalp,B"]
[Result "1-0"]
[WhiteElo "2475"]
[BlackElo "2123"]

1. c4 Nf6 2. Nc3 g6 3. g3 Bg7 4. Bg2 O-O 5. Nf3 d6 6. O-O Nc6 7. Rb1 a5 8. d3
e5 9. b3 Bf5 10. e4 Bg4 11. h3 Be6 12. Nd5 Nb4 13. Nxf6+ Bxf6 14. Bh6 Bg7 15.
Bxg7 Kxg7 16. a3 Nc6 17. b4 axb4 18. axb4 Ra2 19. b5 Nd4 20. Nxd4 exd4 21. f4
f6 22. g4 Bd7 23. Qe1 Qe7 24. Qg3 Rfa8 25. Rbe1 Rd2 26. e5 Raa2 27. Bxb7 Ra3
28. Qh4 c6 29. exf6+ {#r} 1-0

[Event "PRO League Eastern 2017"]
[Site "masterchessopen.com chess.com INT"]
[Date "2017.02.01"]
[Round "4"]
[White "Meskovs,N"]
[Black "Dhulipalla,Bala Chandra Prasad"]
[Result "0-1"]
[WhiteElo "2490"]
[BlackElo "2353"]

1. c4 e5 2. Nc3 Nf6 3. Nf3 Nc6 4. g3 Bb4 5. Bg2 O-O 6. O-O e4 7. Ng5 Bxc3 8.
bxc3 Re8 9. f3 e3 10. dxe3 d6 11. e4 b6 12. f4 Bb7 13. c5 h6 14. cxd6 hxg5 15.
e5 Nd7 16. Bd5 Na5 17. Bxb7 Nxb7 18. Qd5 Nbc5 19. fxg5 Nxe5 20. g6 Qd7 21. Bg5
Nxg6 22. Rf2 Ne4 23. Rf3 c6 24. Qf5 Qxf5 25. Rxf5 Nxd6 26. Rf3 Ne5 {#R} 0-1

[Event "Gibraltar Masters 2017"]
[Site "masterchessopen.com Caleta ENG"]
[Date "2017.01.31"]
[Round "8.24"]
[White "Gledura,B"]
[Black "Salomon,J"]
[Result "1-0"]
[WhiteElo "2589"]
[BlackElo "2470"]

1. Nf3 Nf6 2. c4 b6 3. g3 c5 4. Bg2 Bb7 5. O-O g6 6. Nc3 Bg7 7. d4 cxd4 8.
Qxd4 d6 9. Be3 Nbd7 10. Rfd1 O-O 11. Qh4 Rc8 12. Rac1 a6 13. b3 Re8 14. Bh3
Rf8 15. g4 b5 16. g5 Ne8 17. c5 Rc7 18. b4 dxc5 19. bxc5 e6 20. Ne4 Bd5 21.
Nd4 Qe7 22. c6 Ne5 23. Nb3 Rxc6 24. Rxc6 Bxc6 25. Bc5 Qc7 26. Bxf8 Bxf8 27.
Bg2 Bd5 28. Qf4 Ba3 29. h4 Kf8 30. Nd4 b4 31. Nc5 Nf3+ 32. Qxf3 Qxc5 33. Qe3
Kg8 34. Bxd5 Qxd5 35. Qf3 Qxa2 36. Nb3 Kf8 37. Rd8 Qb1+ 38. Kg2 Ke7 39. Ra8
Qf5 40. Rxa6 Qxf3+ 41. Kxf3 Nc7 42. Rb6 Nd5 43. Rb7+ Kf8 44. e4 Nc3 45. Nc5
Na2 46. Nd3 Kg8 47. Ke3 {#r} 1-0

[Event "Portugal Open 2017"]
[Site "masterchessopen.com Lisbon POR"]
[Date "2017.02.05"]
[Round "4.3"]
[White "Harutyunian,T"]
[Black "Perunovic,Mil"]
[Result "0-1"]
[WhiteElo "2515"]
[BlackElo "2604"]

1. c4 c5 2. Nc3 Nf6 3. g3 e6 4. Nf3 b6 5. Bg2 Bb7 6. O-O a6 7. Re1 Be7 8. e4
d6 9. d4 cxd4 10. Nxd4 Qc7 11. Be3 Nbd7 12. Rc1 O-O 13. f4 Rac8 14. g4 Nc5 15.
Bf2 g6 16. b4 Ncd7 17. e5 dxe5 18. fxe5 Nxe5 19. Bxb7 Nexg4 20. Qf3 Qxh2+ 21.
Kf1 Rxc4 22. Bg1 Qh4 23. Nce2 Rxc1 24. Rxc1 Bxb4 25. Qg3 Qg5 26. Nf3 Qb5 27.
Rb1 a5 28. Nfd4 Qg5 29. Rb3 e5 30. Nc6 Bc5 31. Bxc5 bxc5 32. Ke1 a4 33. Ra3
Kg7 34. Rxa4 Qf5 35. Qb3 e4 36. Rc4 Qf2+ 37. Kd2 e3+ 38. Kd3 Qe1 39. Qc2 Nf2+
40. Kxe3 Re8+ 41. Kf3 N2g4 42. Rxg4 Qf1+ 43. Kg3 Re3+ {#R} 0-1

[Event "4th Floripa Masters 2017"]
[Site "masterchessopen.com Florianopolis BRA"]
[Date "2017.02.01"]
[Round "9.3"]
[White "Trois,F"]
[Black "Shumyatsky,V"]
[Result "0-1"]
[WhiteElo "2218"]
[BlackElo "2452"]

1. d4 Nf6 2. Nf3 e6 3. g3 b6 4. Bg2 Bb7 5. O-O c5 6. c4 cxd4 7. Qxd4 Be7 8.
Nc3 d6 9. e4 a6 10. Rd1 Nbd7 11. b3 Qc8 12. Qe3 O-O 13. Bb2 Qc7 14. Rac1 Rfe8
15. Nd4 Rad8 16. Re1 Qb8 17. h3 Bf8 18. Kh2 g6 19. Rcd1 Bg7 20. Qd2 h5 21. Kh1
Qa8 22. Re2 Nc5 23. Rde1 b5 24. b4 bxc4 {#R} 0-1

[Event "PRO League Central 2017"]
[Site "masterchessopen.com chess.com INT"]
[Date "2017.02.01"]
[Round "4"]
[White "Haria,R"]
[Black "Nagy,Ga1"]
[Result "1-0"]
[WhiteElo "2382"]
[BlackElo "2433"]

1. Nf3 Nf6 2. g3 b6 3. Bg2 Bb7 4. O-O c5 5. c4 g6 6. b3 Bg7 7. Bb2 O-O 8. d4
cxd4 9. Qxd4 d6 10. Qe3 Nbd7 11. Nc3 Rc8 12. Rac1 Rc5 13. h3 Re8 14. Rfd1 Qa8
15. Ba3 Rh5 16. g4 Bh6 17. Qd3 Bxc1 18. Rxc1 Ne5 19. Nxe5 Rxe5 20. f4 Bxg2 21.
fxe5 dxe5 22. Qg3 Bc6 23. Qxe5 Qc8 24. Nd5 Bxd5 25. cxd5 Qd8 26. e4 Nd7 27.
Qc7 Kf8 28. Qf4 b5 29. Rc7 Kg8 30. Bb2 Qb8 31. d6 e5 32. Qf2 Qd8 33. Qxa7 Nf6
34. d7 Nxd7 35. Rxd7 Qh4 36. Qf2 Qxh3 37. Qxf7+ Kh8 38. Qxe8# 1-0

[Event "PRO League Pacific 2017"]
[Site "masterchessopen.com chess.com INT"]
[Date "2017.02.01"]
[Round "4"]
[White "Mattson,D"]
[Black "Xiong,Jeffery"]
[Result "0-1"]
[WhiteElo "2066"]
[BlackElo "2667"]

1. Nf3 c5 2. c4 Nf6 3. g3 Nc6 4. d4 cxd4 5. Nxd4 e6 6. Bg2 Qb6 7. Nc2 h5 8.
Nc3 h4 9. Qd2 Ng4 10. Qf4 hxg3 11. hxg3 Rxh1+ 12. Bxh1 Nce5 13. Ne3 Nxe3 14.
fxe3 Ng6 15. Qd4 Qc7 16. Kf2 Bd6 17. Ne4 Be5 18. Qc5 Bxg3+ 19. Kf1 Qxc5 20.
Nxc5 Rb8 21. Bd2 Be5 22. Rb1 b6 23. Nd3 Bd6 24. b4 Bb7 25. Bf3 Ne5 26. Nxe5
Bxe5 27. Rc1 d6 28. Kf2 Kd7 29. Rd1 Bxf3 30. exf3 Rc8 31. Rc1 Rh8 32. f4 Rh2+
33. Ke1 Bf6 34. Rc2 Kc6 35. a3 g5 36. Kf1 g4 37. Kg1 g3 {#R} 0-1

[Event "Gibraltar Masters 2017"]
[Site "masterchessopen.com Caleta ENG"]
[Date "2017.02.01"]
[Round "9.92"]
[White "Sahl,Bj"]
[Black "Seraoui,Mohcen"]
[Result "1-0"]
[WhiteElo "2363"]
[BlackElo "2100"]

1. d4 Nf6 2. c4 c5 3. Nf3 cxd4 4. Nxd4 b6 5. f3 Bb7 6. e4 d6 7. Nc3 e6 8. Be2
a6 9. O-O Nbd7 10. Kh1 Be7 11. Be3 O-O 12. Qd2 Rc8 13. Rfd1 Qc7 14. Rac1 Rfd8
15. Bf1 Ne5 16. b3 Kh8 17. Qf2 Rg8 18. Nde2 Ned7 19. Na4 Nc5 20. Nec3 Nfd7 21.
b4 Nxa4 22. Nxa4 Bd8 23. Qg3 Be7 24. Bf4 e5 25. Be3 Bc6 26. Nc3 Nf6 27. Qf2
Rb8 28. Nd5 Qb7 29. Nxe7 Qxe7 30. b5 Ba8 31. Bxb6 g5 32. c5 d5 33. c6 axb5 34.
exd5 g4 35. Bc5 Qc7 36. Qh4 Nxd5 37. Rxd5 Bxc6 38. Bd6 gxf3 39. Bxc7 {#r} 1-0

[Event "25th Fajr Open 2017"]
[Site "masterchessopen.com Sareyn IRI"]
[Date "2017.02.03"]
[Round "10.5"]
[White "Maghsoodloo,Parham"]
[Black "Tsomaia,Nikoloz"]
[Result "1-0"]
[WhiteElo "2584"]
[BlackElo "2246"]

1. d4 Nf6 2. c4 c5 3. Nf3 cxd4 4. Nxd4 b6 5. Nc3 Bb7 6. f3 e6 7. e4 d6 8. Be3
a6 9. Be2 Nbd7 10. a4 Be7 11. O-O O-O 12. a5 bxa5 13. Nb3 Rb8 14. Nxa5 Ba8 15.
Qd2 Qc7 16. Rfc1 Ne5 17. Na4 Qd7 18. Nb6 Qc7 19. Nxa8 Rxa8 20. b4 Nfd7 21. f4
Nc6 22. Nb3 Bf6 23. b5 Bxa1 24. bxc6 Qxc6 25. Rxa1 Qxe4 26. Bf3 Qxc4 27. Na5
Qc7 28. Rc1 Nc5 29. Bxa8 Rxa8 30. Qc3 Rc8 31. Nb3 Qb8 32. Bd4 f6 33. Bxc5 dxc5
34. Qc4 Kh8 35. Qxa6 Rd8 36. Qc4 e5 37. Nxc5 exf4 38. Ne6 Qb6+ 39. Kh1 Re8 40.
Nxf4 Qa5 41. Rf1 Qe5 42. h3 Qe3 43. Rd1 Rb8 44. Qc7 Re8 45. Kh2 Qe4 46. Rd7
Rg8 47. Re7 {#r} 1-0

[Event "Turkish Cup 2017"]
[Site "masterchessopen.com Antalya TUR"]
[Date "2017.01.31"]
[Round "5.18"]
[White "Kilic,Cihan"]
[Black "Yurtseven,M"]
[Result "0-1"]
[WhiteElo "2003"]
[BlackElo "2324"]

1. d4 Nf6 2. Nf3 e6 3. c4 c5 4. Nc3 cxd4 5. Nxd4 a6 6. g3 Qc7 7. Qd3 Nc6 8.
Nxc6 Qxc6 9. e4 Bb4 10. Bg2 Ng4 11. O-O Ne5 12. Qd4 d6 13. b3 b5 14. Bb2 Bc5
15. cxb5 axb5 16. Qd2 O-O 17. Rac1 Bb7 18. Qe2 b4 19. Na4 Rxa4 20. bxa4 Ba6
21. Qh5 g6 22. Qd1 Nd3 23. Rxc5 Nxc5 24. e5 d5 25. Re1 Qxa4 26. Bd4 Rc8 27.
Bf1 Bxf1 28. Kxf1 Qxa2 29. Qg4 Qc4+ 30. Kg1 {#R} 0-1

[Event "13th Moscow Open A 2017"]
[Site "masterchessopen.com Moscow RUS"]
[Date "2017.02.01"]
[Round "5.2"]
[White "Gordievsky,D"]
[Black "Lomasov,Semen"]
[Result "1-0"]
[WhiteElo "2562"]
[BlackElo "2441"]

1. Nf3 Nf6 2. c4 c5 3. Nc3 d5 4. cxd5 Nxd5 5. d4 cxd4 6. Qxd4 Nxc3 7. Qxc3 Bf5
8. Ne5 Qc8 9. Qb3 Be6 10. Qa4+ Nd7 11. Bf4 f6 12. Rc1 Qd8 13. Nd3 Bd5 14. Nb4
Be4 15. Na6 bxa6 16. Qxe4 e5 17. Bd2 Be7 18. e3 O-O 19. Bxa6 Kh8 20. Qd5 Qe8
21. Bb5 Rd8 22. Qe6 a6 23. Qxa6 Qg6 24. Qe6 Nc5 25. Qxe7 Ne4 26. Bd3 Rfe8 27.
Bxe4 Qxe4 28. Qb4 Qxg2 29. Rf1 h6 30. h4 Rd3 31. Qc4 Red8 32. Ba5 R8d7 33.
Qc8+ Kh7 34. Qc2 f5 35. Bc3 e4 36. Qe2 Qh2 37. h5 f4 38. Be5 Qh4 39. Bxf4 Qf6
40. Rg1 Qa6 41. Qg4 {#r} 1-0

[Event "PRO League Atlantic 2017"]
[Site "masterchessopen.com chess.com INT"]
[Date "2017.02.01"]
[Round "4"]
[White "Belous,V"]
[Black "Hess,Ro"]
[Result "1-0"]
[WhiteElo "2564"]
[BlackElo "2571"]

1. c4 Nf6 2. Nc3 e6 3. e4 c5 4. Nf3 Nc6 5. e5 Ng8 6. d4 cxd4 7. Nxd4 Nxe5 8.
Ndb5 f6 9. Bf4 a6 10. Qa4 Nh6 11. Bxh6 gxh6 12. Ne4 axb5 13. Qxa8 Bb4+ 14. Nc3
O-O 15. cxb5 Qc7 16. Rc1 Ng4 17. g3 Bc5 18. Qa4 Qe5+ 19. Be2 Nxf2 20. O-O Nd3+
21. Kg2 Nxc1 22. Rxc1 b6 23. Qe4 d5 24. Qxe5 fxe5 25. Bg4 Rf2+ 26. Kh3 Rxb2
27. a4 h5 28. Bxh5 e4 29. a5 e5+ 30. Bg4 Bxg4+ 31. Kxg4 e3 32. a6 Rb3 33. Ra1
e2 34. a7 Ra3 35. Rxa3 {#r} 1-0

[Event "Dutch League 2016-17"]
[Site "masterchessopen.com Netherlands NED"]
[Date "2017.02.04"]
[Round "6.2"]
[White "Ftacnik,L"]
[Black "Schippers,Maurice"]
[Result "1-0"]
[WhiteElo "2548"]
[BlackElo "2234"]

1. Nf3 Nf6 2. c4 c5 3. Nc3 g6 4. e4 d6 5. d4 cxd4 6. Nxd4 Nc6 7. Be2 Nxd4 8.
Qxd4 Bg7 9. Be3 O-O 10. Qd2 Be6 11. Rc1 Qa5 12. f3 a6 13. Nd5 Qxa2 14. Nxe7+
Kh8 15. Bd4 Rfe8 16. Qc3 Nh5 17. Bxg7+ Nxg7 18. O-O Qa4 19. Nd5 Bxd5 20. cxd5
Kg8 21. b3 Qd7 22. Qc7 Qe7 23. Rc2 f5 24. Qxe7 Rxe7 25. Bd3 Kf7 26. Kf2 Kf6
27. Ke3 Ke5 28. Rfc1 Rae8 29. Rc7 Nh5 30. b4 Nf4 31. Bf1 fxe4 32. fxe4 g5 33.
b5 axb5 34. Bxb5 Kf6 35. Kf3 Rxc7 36. Rxc7 Re7 37. Rc8 Ng6 38. Ke3 Nf4 39. Kd4
Re5 40. Rf8+ Kg7 41. Rd8 Nxg2 42. Rd7+ Kf8 43. Rxd6 Re7 44. Rd8+ Kg7 45. d6
Rf7 46. d7 Nf4 47. Re8 {#r} 1-0

[Event "Gibraltar Masters 2017"]
[Site "masterchessopen.com Caleta ENG"]
[Date "2017.01.30"]
[Round "7.54"]
[White "Mastrovasilis,A"]
[Black "Rakesh,Kumar Jena"]
[Result "0-1"]
[WhiteElo "2551"]
[BlackElo "2335"]

1. c4 Nf6 2. Nc3 c5 3. Nf3 Nc6 4. d4 cxd4 5. Nxd4 g6 6. Nc2 Bg7 7. e4 O-O 8.
Be2 d6 9. O-O Be6 10. Bd2 Rc8 11. Rc1 Nd7 12. Kh1 Nc5 13. b3 Bxc3 14. Bxc3
Nxe4 15. Bb2 Qa5 16. Nd4 Qxa2 17. Nxe6 Qxb2 18. Nxf8 Rxf8 19. Qc2 Qxc2 20.
Rxc2 Nd4 21. Rb2 a5 22. Bd1 Nc5 23. b4 axb4 24. Rxb4 Ra8 25. Bf3 Nxf3 26. gxf3
Ra3 27. Kg2 Rc3 28. Re1 Kf8 29. Re3 Rc1 30. f4 f6 31. Rh3 Kg7 32. Re3 Kf7 33.
Rh3 h5 34. f5 gxf5 35. Rxh5 Nd3 36. Rh7+ Kg6 {#R} 0-1

[Event "Gibraltar Masters 2017"]
[Site "masterchessopen.com Caleta ENG"]
[Date "2017.01.30"]
[Round "7.68"]
[White "Gara,T"]
[Black "Villar,Ju"]
[Result "1-0"]
[WhiteElo "2378"]
[BlackElo "2212"]

1. Nf3 Nf6 2. c4 c5 3. Nc3 Nc6 4. g3 d5 5. d4 cxd4 6. Nxd4 dxc4 7. Nxc6 Qxd1+
8. Nxd1 bxc6 9. Bg2 Bd7 10. Ne3 e6 11. Nxc4 Bb4+ 12. Bd2 Rb8 13. b3 Bxd2+ 14.
Kxd2 Ke7 15. Rhc1 Rhc8 16. Rc2 Nd5 17. Ke1 f6 18. Rac1 Be8 19. Na5 Nb4 20. Rd2
Rb5 21. Nc4 Rd5 22. a3 Rxd2 23. Nxd2 Nd5 24. Bxd5 exd5 25. b4 a5 26. bxa5 Rb8
27. Rc3 Kd6 28. Nb3 Bd7 29. Kd2 Bc8 30. e3 g6 31. Nd4 c5 32. Rb3 Rxb3 33. Nxb3
Kc6 34. Kc3 Ba6 35. a4 Be2 36. Nc1 Ba6 37. Nb3 Be2 38. Nc1 Ba6 39. h4 f5 40.
f3 h6 41. Nd3 Bxd3 42. Kxd3 g5 43. hxg5 hxg5 44. g4 fxg4 45. fxg4 Kd6 46. e4
{#r} 1-0

[Event "13th Moscow Open A 2017"]
[Site "masterchessopen.com Moscow RUS"]
[Date "2017.02.04"]
[Round "8.2"]
[White "Gordievsky,D"]
[Black "Golubov,Saveliy"]
[Result "1-0"]
[WhiteElo "2562"]
[BlackElo "2487"]

1. c4 Nf6 2. Nc3 c5 3. Nf3 Nc6 4. d4 cxd4 5. Nxd4 g6 6. e4 d6 7. f3 Nxd4 8.
Qxd4 Bg7 9. Be3 O-O 10. Qd2 Be6 11. Rc1 Qa5 12. b3 Rfc8 13. Be2 a6 14. Na4
Qxd2+ 15. Kxd2 Nd7 16. Nc3 b5 17. Nd5 Bxd5 18. cxd5 Bb2 19. Rxc8+ Rxc8 20. Rb1
Be5 21. Rc1 Rxc1 22. Kxc1 Bc3 23. Kc2 Bb4 24. Bc1 e6 25. a3 Bc5 26. a4 bxa4
27. bxa4 exd5 28. Bxa6 dxe4 29. fxe4 Nf6 30. Bb7 Ng4 31. a5 Nxh2 32. a6 Ng4
33. Ba3 Ba7 34. Bxd6 Ne3+ 35. Kc3 Nxg2 36. Kb4 g5 37. Bc5 Bb8 38. Kb5 Nf4 39.
Bd6 Ba7 40. Bc5 Bb8 41. Bc8 Nd3 42. Be3 h6 43. Bg4 Kf8 {#r} 1-0

[Event "PRO League Atlantic 2017"]
[Site "masterchessopen.com chess.com INT"]
[Date "2017.02.01"]
[Round "4"]
[White "Balleisen,Aaron S"]
[Black "Kleinman,Michael"]
[Result "1-0"]
[WhiteElo "2127"]
[BlackElo "2289"]

1. c4 g6 2. g3 Bg7 3. Bg2 c5 4. Nc3 Nc6 5. a3 a6 6. Rb1 Rb8 7. b4 cxb4 8. axb4
b5 9. c5 a5 10. Ba3 Nf6 11. Nh3 O-O 12. O-O Bb7 13. Nf4 d6 14. cxd6 Nxb4 15.
Bxb4 axb4 16. Rxb4 Bxg2 17. Nxg2 Qxd6 18. Rxb5 Rxb5 19. Nxb5 Qd7 20. Nc3 g5
21. d3 Qh3 22. Ne3 Rc8 23. Ne4 Ng4 24. Nxg4 Qxg4 25. Qd2 h6 26. Kg2 Be5 27. f3
Qe6 28. Rc1 f5 29. Rxc8+ Qxc8 30. Nf2 Kg7 31. Qa2 Qc6 32. Qc4 Qxc4 33. dxc4
Bd4 34. Nd3 e5 35. g4 e4 36. Nf2 exf3+ 37. exf3 fxg4 38. fxg4 h5 39. h3 hxg4
40. hxg4 Kf6 41. Nd3 Ke6 42. Kf3 Bg1 43. Ke4 Ba7 44. Ne1 Kd6 45. Nf3 Kc5 46.
Ne5 {#r} 1-0

[Event "TCh-CAT Gp1 2017"]
[Site "masterchessopen.com Barcelona ESP"]
[Date "2017.01.28"]
[Round "2.3"]
[White "Adel Lahchaichi,O"]
[Black "Garcia Ramos,Daniel"]
[Result "1-0"]
[WhiteElo "2331"]
[BlackElo "2222"]

1. c4 c5 2. g3 g6 3. Bg2 Bg7 4. Nc3 Nc6 5. a3 Nf6 6. Rb1 a5 7. Nf3 d5 8. cxd5
Nxd5 9. Nxd5 Qxd5 10. d3 O-O 11. O-O Qd6 12. Nd2 Qc7 13. Nc4 e5 14. Bd2 a4 15.
b4 axb3 16. Rxb3 Be6 17. Bc3 Rfb8 18. Rb5 Bxc4 19. dxc4 Rxa3 20. Qc1 Ra4 21.
Rxc5 Qd6 22. Rd5 Qe6 23. c5 e4 24. Rd6 Qc4 25. Bxg7 Qxc1 26. Rxc1 Kxg7 27. Rb1
Rd8 28. Rxb7 Rxd6 29. cxd6 Ra1+ 30. Bf1 Rd1 31. Re7 Rxd6 32. Rxe4 f5 33. Re8
Kf7 34. Rc8 Ne7 35. Rc7 Rc6 36. Rb7 Kf6 37. h4 h6 38. Bg2 Rd6 39. f4 Ra6 40.
Bf3 Re6 41. Kf2 Ra6 42. h5 g5 43. fxg5+ hxg5 44. h6 Re6 45. Bh5 Re5 46. Rb6+
{#r} 1-0